| 000 | 00663nam a22002537a 4500 | ||
|---|---|---|---|
| 003 | UA-OsUOA | ||
| 001 | 26732 | ||
| 007 | ta | ||
| 008 | 20040608b un ||||| |||| 00| 0 ukr d | ||
| 100 | _aЯцык А.В. | ||
| 090 |
_a504.062.2 _bЯ94 |
||
| 942 | _cBK | ||
| 040 |
_aUA-OsUOA _brus _cUA-OsUOA _dUA-OsUOA |
||
| 245 | _aЭкологические основы рационального водопользования | ||
| 300 | _a640 с. | ||
| 955 | _a0 | ||
| 041 | _arus | ||
| 080 | _a504.062.2 | ||
| 020 | _a966-504-160-6 | ||
| 260 |
_aКиев _bИздательство "Генеза" _c1997 |
||
| 044 | _aRU | ||
| 650 | 7 | _2UDC | |
| 999 |
_c313060 _d313060 |
||